MARC

LEADER 00000nam0a2200000 4500
001 73352
005 20231101212713.0
010 |a 5940103251 
035 |a (RuTPU)RU\TPU\book\78277 
090 |a 73352 
100 |a 20050215d2004 m y0rusy50 ca 
101 0 |a rus 
102 |a RU 
105 |a a j 001zy 
200 1 |a Теория и расчет оптико-электронных приборов  |e учебник для вузов  |f Ю. Г. Якушенков 
205 |a 5-е изд., перераб. и доп. 
210 |a Москва  |c Логос  |d 2004 
215 |a 470 с.  |c ил. 
225 1 |a Новая университетская библиотека 
320 |a Библиогр.: с. 462-464. 
451 1 |0 (RuTPU)RU\TPU\book\13363  |y 5-88439-035-1  |t Теория и расчет оптико-электронных приборов  |o Учебник  |f Ю. Г. Якушенков  |e 4-е изд., перераб. и доп.  |c М.  |n Логос  |d 1999  |p 480 с.  |a Якушенков, Юрий Григорьевич 
606 1 |a Оптико-электронные приборы  |2 stltpush  |3 (RuTPU)RU\TPU\subj\71093  |9 85150 
610 1 |a оптоэлектроника 
610 1 |a оптоэлектронные приборы 
610 1 |a сигналы 
610 1 |a помехи 
610 1 |a оптические излучения 
610 1 |a распространение 
610 1 |a приемники 
610 1 |a изображения 
610 1 |a анализаторы 
610 1 |a сканирование 
610 1 |a модуляция 
610 1 |a демодуляция 
610 1 |a структурные схемы 
610 1 |a фильтрация 
610 1 |a расчет 
610 1 |a точность 
610 1 |a учебники 
675 |a 621.383(075.8)  |v 3 
700 1 |a Якушенков  |b Ю. Г.  |g Юрий Григорьевич 
801 1 |a RU  |b 63413507  |c 20050215  |g PSBO 
801 2 |a RU  |b 63413507  |c 20130628  |g PSBO 
900 |a Оптико-электронные системы 
900 |a Оптико-электронные приборы систем управления 
900 |a Проектирование оптико-электронных приборов 
942 |c BK 
952 |a 551900  |b 190700